000 00943nac a22003017a 4500
001 BR0803202
003 BR-BrBNA
005 20240105123547.0
008 230509b bl.|||m| |||| 00| 0 por d
040 _aBR-BrBNA
_bpor
_cBiblioteca Nacional de Agricultura
072 _aF04
090 _a5300 BR0803202
100 1 _aSeganfredo, M.A.
100 1 _aGirotto, A.F.
110 1 _aEMBRAPA Suínos e Aves, Concórdia, SC (Brasil)
245 1 _aCusto de esterqueiras para a armazenagem de dejetos suínos destinados ao uso como fertilizante ao solo
260 3 _aConcórdia, SC (Brasil):
_c2006.
300 _a3 p.
490 _aComunicado Técnico - EMBRAPA Suínos e Aves (Brazil)
_vno. 373
_xISSN 0100-8862
650 _aSUINO
650 _aDEJETO
650 _aFERTILIZANTE
650 _aESTERQUEIRA
650 _aARMAZENAGEM
650 _aCUSTO
909 _a202312
_bLúcia Elande
_c55
_dLúcia Elande
942 _2AGRIS
_n0
_cMS
999 _c295998
_d295998